00420nam a22001577a 450000500170000000800410001704000070005804100120006508200220007710000160009924500610011526000340017665000160021070000180022670000180024420230502094849.0230502b ||||| |||| 00| 0 eng d cAL aEnglish 223a511/144bUMAT aB G Umarani aTextbook of Mathematics for First Year University Course a1983bBharat Book Depotc1983 aMathematics aUMARANI (B G) aUMARANI (P G)